000 01046nas a2200325 4500
001 BR2014004502
003 BR-BrBNA
005 20231205124323.0
007 ta
008 230509b bl.|||p| |||| 00| 00por d
040 _aBR-BrBNA
_bpor
_cBiblioteca Nacional de Agricultura
041 _a(Pt)
072 _aL01
100 1 _aToledo, V. de A.A. de
100 1 _aNeves, C.A.
100 1 _aAlves, E.M.
100 1 _aOliveira, J.R. de
100 1 _aRuvolo-Takasusuki, M.C.C.
100 1 _aFaquinello, P.
245 1 _aProdução de geléia real em colônias de abelhas africanizadas considerando diferentes suplementos proteicos e a influência de fatores ambientais
650 _aAPIS MELLIFERA
650 _aGELÉIA REAL
650 _aNUTRIÇÃO
650 _aABELHA AFRICANA
650 _aAPICULTURA
650 _aTEMPERATURA
773 0 _tActa Scientiarum. Animal Sciences (Brazil)
_xISSN 1806-2636
_g(Jan-Mar 2010), v. 32(1) p. 101-108
_wBR2014004502
909 _a202311
_bLúcia
_c55
_dLúcia Elande
942 _2AGRIS
_n0
_cANA
999 _c238472
_d238472